• 首页
  • 本馆介绍
  • 公告通知
  • 最新文献
  • 馆藏检索
  • 电子资源
  • 读者导购
  • 参考咨询
  • 我的图书馆
  • 登录
  • 详细信息显示
  • 放入我的书架
  • 预约/预借图书
  • 作者相关作品
  • 分类相关作品
  • 丛书相关作品
  • 出版社相关作品

书目信息

  • 表格格式
  • 工作单格式
  • 卡片格式
题名:
多向互动作文
    
 
作者: 顾亚莉 主编
分册:   初级
出版信息: 北京   光明日报出版社  2021
页数: 279页
开本: 24cm
丛书名:
单 册:
中图分类: G623.242
科图分类:
主题词: 作文课--zuo wen ke--教学研究--小学
电子资源:
ISBN: 978-7-5194-5908-6
000 00987nam0 2200253 450
001 2159535596
005 20211011172912.0
010    @a978-7-5194-5908-6@dCNY68.00
100    @a20210623d2021 em y0chiy50 ea
101 0  @achi
102    @aCN@b110000
105    @aa z 000yy
106    @ar
200 1  @a多向互动作文@Aduo xiang hu dong zuo wen@e用思维导图学作文@i初级@f顾亚莉主编
210    @a北京@c光明日报出版社@d2021
215    @a279页@c图@d24cm
330    @a本书分16个专题,包括:我的心爱之物、“漫画”老师、缩写故事、二十年后的家乡、介绍一种事务等。每个专题分为:对话名师,明确要求;对话课文,感悟表达;对话高手,学习方法;对话佳作,开拓思路;对话体验,整理素材;对话积累,激活语言;对话自我,升格提优七个板块。
517 1  @a用思维导图学作文@Ayong si wei dao tu xue zuo wen
517 1  @a初级@Achu ji
606 0  @a作文课@Azuo wen ke@x教学研究@x小学
690    @aG623.242@v5
701  0 @a顾亚莉@Agu ya li@4主编
801  0 @aCN@b百万庄@c20211009
905    @b1308332-35@dG623.242@e1558@f4
    
    多向互动作文:用思维导图学作文.初级/顾亚莉主编.-北京:光明日报出版社,2021
    279页:图;24cm
    
    
    ISBN 978-7-5194-5908-6:CNY68.00
    本书分16个专题,包括:我的心爱之物、“漫画”老师、缩写故事、二十年后的家乡、介绍一种事务等。每个专题分为:对话名师,明确要求;对话课文,感悟表达;对话高手,学习方法;对话佳作,开拓思路;对话体验,整理素材;对话积累,激活语言;对话自我,升格提优七个板块。
●
相关链接 在E读中查询图书 在五车中查询图书 在当当中查询图书 在豆瓣中查询图书


正题名:多向互动作文     索取号:G623.242/1558         预约/预借

序号 登录号 条形码 馆藏地/架位号 状态 备注
1 1250990   212509908   第一样本阅览室/ [索取号:G623.242/1558] 在馆    
2 1250991   212509917   教育系资料室/ [索取号:G623.242/1558] 在馆    
3 1250992   212509926   教育系资料室/ [索取号:G623.242/1558] 在馆    
4 1250993   212509935   第四借阅区/ [索取号:G623.242/1558] 在馆    
5 1250994   212509944   第四借阅区/ [索取号:G623.242/1558] 在馆    
6 1308332   213083321   第四借阅区/ [索取号:G623.242/1558] 在馆    
7 1308333   213083330   第四借阅区/ [索取号:G623.242/1558] 在馆    
8 1308334   213083349   第四借阅区/ [索取号:G623.242/1558] 在馆    
9 1308335   213083358   第四借阅区/ [索取号:G623.242/1558] 在馆    
唐山师范学院图书馆 欢迎您!
大连网信软件有限公司© 版权所有